| 000 | 00534nam a2200217Ia 4500 | ||
|---|---|---|---|
| 003 | OSt | ||
| 005 | 20230426095755.0 | ||
| 008 | 210423s2012 xx 000 0 und d | ||
| 020 | _a9789327222678 | ||
| 040 | _cAL | ||
| 041 | _aeng | ||
| 082 |
_a658 JOSB _223 |
||
| 100 |
_aJOSHI (Rosy); KAPOOR (Sangam). _993140 |
||
| 245 | _aBusiness environment. | ||
| 250 | _a4 | ||
| 260 |
_aNew Delhi _bKalyani Publishers _c2012 |
||
| 300 |
_a1.1,41.10 _bPB |
||
| 365 |
_b395 _cINR |
||
| 906 | _aBusiness ; environment. | ||
| 942 |
_2ddc _cBK |
||
| 999 |
_c161689 _d161689 |
||